Ik Dareecha, Ik Charagh / اک دریچہ، اک چراغ (Urdu) / (Record no. 593591)
[ view plain ]
| 000 -LEADER | |
|---|---|
| fixed length control field | 00384nam a22001337a 4500 |
| 040 ## - CATALOGING SOURCE | |
| Transcribing agency | NUST |
| 082 ## - DEWEY DECIMAL CLASSIFICATION NUMBER | |
| Classification number | 891.439,MAS |
| 100 ## - MAIN ENTRY--PERSONAL NAME | |
| Personal name | Masood, Anwar |
| 9 (RLIN) | 14777 |
| 245 ## - TITLE STATEMENT | |
| Title | Ik Dareecha, Ik Charagh / اک دریچہ، اک چراغ (Urdu) / |
| Statement of responsibility, etc. | Anwar Masood |
| 260 ## - PUBLICATION, DISTRIBUTION, ETC. | |
| Place of publication, distribution, etc. | Islamabad |
| Name of publisher, distributor, etc. | Dost Publications |
| Date of publication, distribution, etc. | 2015 |
| 300 ## - PHYSICAL DESCRIPTION | |
| Extent | 175 p.; |
| 650 ## - SUBJECT ADDED ENTRY--TOPICAL TERM | |
| Topical term or geographic name entry element | Urdu literature |
| 942 ## - ADDED ENTRY ELEMENTS (KOHA) | |
| Source of classification or shelving scheme | |
| Koha item type | Book |
| Call number prefix | 891.439,MAS |
| Withdrawn status | Lost status | Source of classification or shelving scheme | Damaged status | Not for loan | Permanent Location | Current Location | Shelving location | Date acquired | Total Checkouts | Full call number | Barcode | Date last seen | Date last checked out | Price effective from | Koha item type | Public note |
|---|---|---|---|---|---|---|---|---|---|---|---|---|---|---|---|---|
| Military College of Signals (MCS) | Military College of Signals (MCS) | General Stacks | 03/08/2023 | 1 | 891.439,MAS | MCS38006 | 02/12/2025 | 02/03/2025 | 03/08/2023 | Book | Almirah No.65, Shelf No.4 |
